000 01096cam7a220028900 4500
001 lce00789632
008 730731s1973 paua b 001 0 eng
010 _a 72095828 //r832
020 _a0721634052
035 _a(Sirsi) r70670
035 _a(DLC) 72095828 //r832
035 _a(UPRA)lce00789632
040 _dUPRA
041 1 _aeng fre
_heng fre
050 0 _aRC347
_b.E8313
082 _a616.8/04/7
100 1 _aEscourolle, Raymond, 1924-
_dEscourolle, Raymond, 1924-
_6A31732.1
240 1 0 _aManuel elementaire de neuropathologie. English
_lManuel elementaire de neuropathologie. English
245 1 0 _aManual of basic neuropathology /
_cby Raymond Escourolle and Jacques Poirier ; translated by Lucien J. Rubinstein.
260 _aPhiladelphia :
_bSaunders,
_c1973.
500 _aTranslation of Manuel elementaire de neuropathologie.
504 _aBibliography: p. 198-199.
650 0 _aNervous system -- Diseases.
_xNervous system -- Diseases.
_6S5331.1
700 1 _aPoirier, Jacques.
_6A31733.1
949 _aRC347
_wLC
_i-95641
_mMEDICAL
_tBOOK
_lON-SHELF
004 70670
999 _c45827
_d45827